Use of efluent from biogas stove as fertilizer for primary production and as feed of lilapia (Oreochromis niloticus),ការប្រើប្រាស់សំណល់រាវពីឡជីវឧស្ម័នផ្ដល់ជាជីសំរាប់ពពួកផលិតកម្មដំបូង និងជាចំណីរបស់ត្រីទីឡាព្យា (Record no. 3854)

000 -LEADER
fixed length control field 00748nam a22001577a 4500
003 - CONTROL NUMBER IDENTIFIER
control field OSt
005 - DATE AND TIME OF LATEST TRANSACTION
control field 20151202142639.0
008 - FIXED-LENGTH DATA ELEMENTS--GENERAL INFORMATION
fixed length control field 151202b xxu||||| |||| 00| 0 eng d
040 ## - CATALOGING SOURCE
Transcribing agency RUA
082 ## - DEWEY DECIMAL CLASSIFICATION NUMBER
Classification number FIS SRE 2002 B173 Or.1
100 ## - MAIN ENTRY--PERSONAL NAME
9 (RLIN) 4142
Personal name SREY, SAMANN.
245 ## - TITLE STATEMENT
Title Use of efluent from biogas stove as fertilizer for primary production and as feed of lilapia (Oreochromis niloticus),ការប្រើប្រាស់សំណល់រាវពីឡជីវឧស្ម័នផ្ដល់ជាជីសំរាប់ពពួកផលិតកម្មដំបូង និងជាចំណីរបស់ត្រីទីឡាព្យា
260 ## - PUBLICATION, DISTRIBUTION, ETC. (IMPRINT)
Place of publication, distribution, etc. Phnom Penh
Name of publisher, distributor, etc. RUA
Date of publication, distribution, etc. 2002
300 ## - PHYSICAL DESCRIPTION
Extent 40p.
Other physical details ill.
Dimensions 29cm.
942 ## - ADDED ENTRY ELEMENTS (KOHA)
Source of classification or shelving scheme
Koha item type FIS
Holdings
Price effective from Date last seen Permanent Location Not for loan Date acquired Source of classification or shelving scheme Koha item type Lost status Withdrawn status Date last checked out Total Checkouts Shelving location Damaged status Barcode Current Location Full call number
2015-12-022015-12-02Library Block B 2015-12-02 FIS    B173 RUA010670Library Block BFIS SRE 2002 B173 Or.1
2015-12-022016-02-03Library Block B 2015-12-02 FIS  2016-01-201B173 RUA010816Library Block BFIS SRE 2002 B173 Or.2
2015-12-022015-12-02Library Block B 2015-12-02 FIS    B173 RUA028507Library Block BFIS SRE 2002 B173 Or.3
2015-12-022015-12-02Library Block B 2015-12-02 FIS    B173 RUA010813Library Block BFIS SRE 2002 B173 Or.4
2015-12-022015-12-02Library Block B 2015-12-02 FIS    B173 RUA010599Library Block BFIS SRE 2002 B173 Or.5
2015-12-022017-01-16Library Block B 2015-12-02 FIS  2017-01-041B173 RUA010961Library Block BFIS SRE 2002 B173 Or.6
មជ្ឈមណ្ឌលឯការនៃសាកលវិទ្យាល័យភូមិន្ទកសិកម្មចំការដូង

Powered by Koha